[Event "ICS rated blitz match"]
[Site "207.99.83.229"]
[Date "1999.07.14"]
[Round "?"]
[White "Hossa"]
[Black "Carsi"]
[Result "1-0"]
[WhiteElo "2384"]
[BlackElo "2410"]
[PlyCount "55"]
[EventDate "1999.??.??"]

1. d4 Nf6 2. c4 g6 3. Nc3 d5 4. cxd5 Nxd5 5. e4 Nxc3 6. bxc3 Bg7 7. Bc4 O-O 8.
Ne2 Nc6 9. h4 b6 10. h5 Bb7 11. hxg6 hxg6 12. Bh6 Bxh6 13. Rxh6 Kg7 14. Qd2 Rh8
15. Rxh8 Qxh8 16. O-O-O Qh4 17. f4 Qh2 18. Ng1 Na5 19. Bd3 Rh8 20. Rf1 Qh4 21.
Nh3 Qg3 22. f5 Rh4 23. fxg6 fxg6 24. Ng5 Rg4 25. Ne6+ Kg8 26. Rf8+ Kh7 27. Qh6+
Kxh6 28. Rh8# {Carsi checkmated} 1-0

[Event "ICS rated blitz match"]
[Site "207.99.83.229"]
[Date "1999.07.14"]
[Round "?"]
[White "Hossa"]
[Black "TDChess"]
[Result "1-0"]
[WhiteElo "2403"]
[BlackElo "2539"]
[PlyCount "49"]
[EventDate "1999.??.??"]

1. d4 Nf6 2. c4 d6 3. Nc3 e5 4. Nf3 exd4 5. Nxd4 Na6 6. e4 Nc5 7. Qc2 Qe7 8. f3
Bd7 9. Be3 O-O-O 10. O-O-O Kb8 11. Be2 g6 12. Rhe1 Bg7 13. b4 Na6 14. Qb3 Qe5
15. f4 Qe7 16. Ndb5 c5 17. Nxd6 cxb4 18. e5 Ng4 19. Nd5 Qf8 20. Bd4 Nxh2 21.
Qe3 Ka8 22. Bxa7 Bc6 23. Nb6+ Kxa7 24. Nd7+ Ka8 25. Nxf8 {TDChess resigns} 1-0

[Event "ICS rated blitz match"]
[Site "207.99.83.229"]
[Date "1999.07.14"]
[Round "?"]
[White "pav"]
[Black "Hossa"]
[Result "0-1"]
[WhiteElo "1966"]
[BlackElo "2425"]
[PlyCount "50"]
[EventDate "1999.??.??"]

1. e4 Nf6 2. e5 Nd5 3. Nf3 d6 4. exd6 exd6 5. d4 Be7 6. h3 O-O 7. c4 Nb6 8. Be2
Re8 9. O-O d5 10. cxd5 Nxd5 11. Nc3 Bf6 12. Re1 Nc6 13. Nxd5 Qxd5 14. Be3 Be6
15. Qa4 a6 16. Rad1 Qxa2 17. Qxa2 Bxa2 18. d5 Nb4 19. d6 Nc2 20. Rf1 Nxe3 21.
fxe3 Rxe3 22. Rfe1 cxd6 23. Rxd6 Rae8 24. Kf2 Rb3 25. Kg3 25... Be5+ {
pav resigns} 0-1

[Event "ICS rated blitz match"]
[Site "207.99.83.229"]
[Date "1999.07.14"]
[Round "?"]
[White "Hossa"]
[Black "pav"]
[Result "1-0"]
[WhiteElo "2427"]
[BlackElo "1964"]
[PlyCount "49"]
[EventDate "1999.??.??"]

1. d4 d5 2. c4 dxc4 3. e4 c6 4. Bxc4 Nf6 5. Nc3 e6 6. Nge2 Bb4 7. Bg5 h6 8.
Bxf6 Qxf6 9. Qb3 Qe7 10. a3 Bxc3+ 11. Qxc3 O-O 12. O-O c5 13. f4 cxd4 14. Nxd4
a6 15. Rad1 b5 16. Bb3 Bb7 17. Bc2 Rc8 18. Qd3 e5 19. Nf5 Qc5+ 20. Rf2 Nc6 21.
Qg3 Qf8 22. Nxh6+ Kh8 23. Nxf7+ Qxf7 24. Qh3+ Kg8 25. Bb3 {pav resigns} 1-0

[Event "ICS rated blitz match"]
[Site "207.99.83.229"]
[Date "1999.07.14"]
[Round "?"]
[White "ulun"]
[Black "Hossa"]
[Result "0-1"]
[WhiteElo "2142"]
[BlackElo "2429"]
[PlyCount "90"]
[EventDate "1999.??.??"]

1. e4 Nf6 2. e5 Nd5 3. d4 d6 4. Nf3 Bg4 5. Be2 dxe5 6. Nxe5 Bxe2 7. Qxe2 c6 8.
c4 Nf6 9. Be3 e6 10. O-O Bb4 11. a3 Be7 12. Nc3 O-O 13. Rfd1 Nbd7 14. Bg5 Qc7
15. Nxd7 Qxd7 16. Rd3 Nd5 17. cxd5 Bxg5 18. dxe6 Qxe6 19. Qxe6 fxe6 20. Ne4 Bf6
21. Nc5 e5 22. dxe5 Bxe5 23. Nd7 Bxb2 24. Rb1 Rfe8 25. g3 Re2 26. Rb3 Bd4 27.
Rxb7 Rxf2 28. Rb8+ Rxb8 29. Rxb8+ Rf8+ 30. Kg2 Rxb8 31. Nxb8 c5 32. Kf3 Bb2 33.
a4 Kf7 34. Nc6 a6 35. Nb8 a5 36. Nc6 Bc3 37. Ke4 Ke6 38. Nd8+ Kd6 39. Nb7+ Kc6
40. Nd8+ Kc7 41. Ne6+ Kd6 42. Nf4 c4 43. Ne2 Bb2 44. Nd4 Kc5 45. Ne6+ 45... Kb4
{ulun resigns} 0-1

[Event "ICS rated blitz match"]
[Site "207.99.83.229"]
[Date "1999.07.14"]
[Round "?"]
[White "Hossa"]
[Black "ulun"]
[Result "1-0"]
[WhiteElo "2434"]
[BlackElo "2137"]
[PlyCount "27"]
[EventDate "1999.??.??"]

1. d4 Nf6 2. c4 e6 3. Nc3 Bb4 4. Bg5 h6 5. Bh4 g5 6. Bg3 b6 7. e3 Bb7 8. Nge2
d6 9. Qb3 Bxc3+ 10. Nxc3 Nbd7 11. O-O-O Qe7 12. Nb5 Nf8 13. Qa4 Qd7 14. Nxc7+ {
ulun resigns} 1-0

[Event "ICS rated blitz match"]
[Site "207.99.83.229"]
[Date "1999.07.14"]
[Round "?"]
[White "demian"]
[Black "Hossa"]
[Result "1-0"]
[WhiteElo "1934"]
[BlackElo "2439"]
[PlyCount "131"]
[EventDate "1999.??.??"]

1. e4 Nf6 2. f3 e5 3. Bd3 Nc6 4. c3 d5 5. Ne2 dxe4 6. Bxe4 Nxe4 7. fxe4 Qd3 8.
Ng3 Be6 9. Qe2 Bc4 10. Qxd3 Bxd3 11. b3 O-O-O 12. Ba3 Bxb1 13. Bxf8 Bxe4 14.
Bxg7 Rhg8 15. Nxe4 Rxg7 16. g3 f5 17. Nf2 f4 18. Rg1 Na5 19. O-O-O f3 20. Kc2
Nc6 21. Rge1 Kb8 22. Re3 Rf7 23. Rde1 Rf5 24. g4 Rf4 25. h3 Rf6 26. Ne4 Rf4 27.
Rf1 Rd7 28. Ng5 h6 29. Nxf3 Rd8 30. Nh2 Rdf8 31. Rxf4 Rxf4 32. Rf3 Rxf3 33.
Nxf3 e4 34. Nd4 Nxd4+ 35. cxd4 c6 36. Kd1 Kc7 37. Ke2 Kd6 38. Ke3 Kd5 39. h4 b6
40. g5 hxg5 41. hxg5 a6 42. g6 Ke6 43. Kxe4 Kf6 44. g7 Kxg7 45. Ke5 Kg6 46. Kd6
b5 47. Kxc6 Kf7 48. Kb6 Ke6 49. Kxa6 b4 50. Kb5 Kd5 51. Kxb4 Kxd4 52. a4 Kd5
53. a5 Kd6 54. a6 Kc6 55. a7 Kc7 56. Kc5 Kd7 57. b4 Ke7 58. b5 Kf6 59. b6 Ke7
60. b7 Kd7 61. b8=Q Ke6 62. a8=Q Kf6 63. Qd5 Kg6 64. Qbd6+ Kh7 65. Qb7+ Kg8 66.
Qd8# {Hossa checkmated} 1-0

[Event "ICS rated blitz match"]
[Site "207.99.83.229"]
[Date "1999.07.14"]
[Round "?"]
[White "razzle"]
[Black "Hossa"]
[Result "1-0"]
[WhiteElo "2720"]
[BlackElo "2417"]
[PlyCount "78"]
[EventDate "1999.??.??"]

1. e4 Nf6 2. Nc3 d5 3. e5 d4 4. exf6 dxc3 5. fxg7 cxd2+ 6. Qxd2 Qxd2+ 7. Bxd2
Bxg7 8. O-O-O Be6 9. Bf4 Nd7 10. Bxc7 Rc8 11. Bf4 Bxa2 12. Nf3 Nc5 13. Bb5+ Kf8
14. Nd2 Rg8 15. Rhe1 e5 16. Be3 Bf6 17. b4 Ne6 18. Ne4 Be7 19. Bh6+ Ng7 20. Nd6
Bxd6 21. Rxd6 Bb3 22. Kb2 Be6 23. Rxe5 Ke7 24. Rdd5 Kf6 25. Bg5+ Kg6 26. Bd3+
f5 27. Rxe6+ Kxg5 28. f4+ Kh4 29. Rh6+ Kg4 30. g3 Kf3 31. Rxh7 Rc7 32. Bxf5 Rc4
33. Bg6 Rxb4+ 34. Ka3 Rc4 35. Rd7 Ne6 36. Bf7 Rgc8 37. Bxe6 Rc3+ 38. Bb3 Re3
39. Kb4 39... Rcc3 {Hossa resigns} 1-0

[Event "ICS rated blitz match"]
[Site "207.99.83.229"]
[Date "1999.07.14"]
[Round "?"]
[White "Hossa"]
[Black "pav"]
[Result "1-0"]
[WhiteElo "2412"]
[BlackElo "1948"]
[PlyCount "51"]
[EventDate "1999.??.??"]

1. d4 d5 2. c4 dxc4 3. e4 c5 4. d5 g6 5. Bxc4 Bg7 6. Ne2 Nf6 7. Nbc3 O-O 8. Be3
Bg4 9. f3 Bc8 10. O-O Nbd7 11. b3 b6 12. Qd2 a6 13. Bh6 Ne5 14. Bxg7 Kxg7 15.
f4 Nxc4 16. bxc4 Bg4 17. Ng3 Qc7 18. e5 Ne8 19. Rae1 e6 20. h3 Bf5 21. d6 Qd7
22. Nxf5+ exf5 23. Qb2 Rb8 24. Nd5 Qe6 25. d7 Nc7 26. Nxc7 {pav resigns} 1-0

[Event "ICS rated blitz match"]
[Site "207.99.83.229"]
[Date "1999.07.14"]
[Round "?"]
[White "Hossa"]
[Black "pav"]
[Result "1-0"]
[WhiteElo "2416"]
[BlackElo "1944"]
[PlyCount "49"]
[EventDate "1999.??.??"]

1. d4 Nf6 2. c4 g6 3. Nc3 Bg7 4. e4 d6 5. f3 O-O 6. Be3 Nc6 7. Nge2 e5 8. Nc1
exd4 9. Bxd4 Nxd4 10. Qxd4 Nxe4 11. Qxe4 Re8 12. Bd3 Rxe4+ 13. Bxe4 Qe7 14. O-O
c6 15. N1e2 Bd7 16. Rad1 Rd8 17. Rfe1 Qf6 18. a3 Bh6 19. Nd4 c5 20. Ndb5 Bc6
21. Bxc6 bxc6 22. Nxa7 d5 23. cxd5 cxd5 24. Nxd5 Qb6 25. Nxb6 {pav resigns} 1-0

[Event "ICS rated blitz match"]
[Site "207.99.83.229"]
[Date "1999.07.14"]
[Round "?"]
[White "pav"]
[Black "Hossa"]
[Result "0-1"]
[WhiteElo "1942"]
[BlackElo "2418"]
[PlyCount "40"]
[EventDate "1999.??.??"]

1. e4 Nf6 2. e5 Nd5 3. c4 Nb4 4. a3 N4c6 5. Nf3 d6 6. exd6 Qxd6 7. d4 Bg4 8. d5
Bxf3 9. Qxf3 Nd4 10. Qd1 e5 11. Nc3 Qg6 12. Bd3 Qxg2 13. Be4 Qh3 14. Be3 f5 15.
Bxd4 exd4 16. Nb5 Bd6 17. Bc2 O-O 18. Qxd4 Qf3 19. O-O Rf6 20. Qd3 20... Rg6# {
pav checkmated} 0-1

[Event "ICS rated blitz match"]
[Site "207.99.83.229"]
[Date "1999.07.14"]
[Round "?"]
[White "Hossa"]
[Black "pav"]
[Result "0-1"]
[WhiteElo "2420"]
[BlackElo "1940"]
[PlyCount "45"]
[EventDate "1999.??.??"]

1. d4 Nf6 2. c4 g6 3. Nc3 Bg7 4. e4 d6 5. f3 O-O 6. Be3 Nc6 7. Nge2 e5 8. Nc1
exd4 9. Bxd4 Nxd4 10. Qxd4 Nxe4 11. Qxe4 Re8 12. Bd3 Rxe4+ 13. Bxe4 Bf5 14. O-O
Bxc3 15. bxc3 Qf6 16. Ne2 Re8 17. Rae1 Bc8 18. Nd4 a5 19. Bxg6 Rxe1 20. Rxe1
hxg6 21. Re8+ Kg7 22. Kf1 Bd7 23. Re4 {Hossa resigns} 0-1

[Event "ICS rated blitz match"]
[Site "207.99.83.229"]
[Date "1999.07.14"]
[Round "?"]
[White "pav"]
[Black "Hossa"]
[Result "0-1"]
[WhiteElo "1970"]
[BlackElo "2390"]
[PlyCount "24"]
[EventDate "1999.??.??"]

1. e4 Nf6 2. Nc3 d5 3. exd5 g6 4. h3 Nxd5 5. Nf3 Nxc3 6. bxc3 Bg7 7. Bc4 O-O 8.
d4 c5 9. O-O Nc6 10. dxc5 Qa5 11. Nd4 Qxc3 12. Nxc6 12... bxc6 {pav resigns}
0-1

[Event "ICS rated blitz match"]
[Site "207.99.83.229"]
[Date "1999.07.14"]
[Round "?"]
[White "Hossa"]
[Black "pav"]
[Result "1-0"]
[WhiteElo "2393"]
[BlackElo "1967"]
[PlyCount "63"]
[EventDate "1999.??.??"]

1. d4 Nf6 2. c4 g6 3. Nc3 Bg7 4. e4 d6 5. f3 O-O 6. Be3 Nc6 7. Nge2 e5 8. Nc1
exd4 9. Bxd4 Nxd4 10. Qxd4 Nxe4 11. Qxe4 Re8 12. Bd3 Rxe4+ 13. Bxe4 Bf5 14. O-O
Bxc3 15. bxc3 Qf6 16. Ne2 Re8 17. Rae1 Qg7 18. Bxb7 h5 19. Nd4 Rxe1 20. Rxe1
Bd3 21. Bd5 c5 22. Nb5 a6 23. Re8+ Kh7 24. Re7 Kh6 25. Nxd6 Qxc3 26. Nxf7+ Kg7
27. Ne5+ Kf8 28. Rf7+ Ke8 29. Bc6+ Kd8 30. Rd7+ Kc8 31. Bb7+ Kb8 32. Nc6# {
pav checkmated} 1-0

[Event "ICS rated blitz match"]
[Site "207.99.83.229"]
[Date "1999.07.14"]
[Round "?"]
[White "pav"]
[Black "Hossa"]
[Result "0-1"]
[WhiteElo "1964"]
[BlackElo "2396"]
[PlyCount "78"]
[EventDate "1999.??.??"]

1. Nf3 e6 2. b3 d5 3. Bb2 Nf6 4. d4 Bd7 5. e3 c5 6. c3 Bd6 7. Nbd2 O-O 8. Be2
Qc7 9. O-O cxd4 10. cxd4 Rc8 11. Rc1 Qa5 12. Rxc8+ Bxc8 13. e4 Nxe4 14. Nxe4
dxe4 15. Ne5 Qxa2 16. Qc2 Nc6 17. Nxc6 Ba3 18. Ne7+ Bxe7 19. Ra1 Qxa1+ 20. Bxa1
a5 21. h4 a4 22. bxa4 Bxh4 23. Qxe4 Rxa4 24. Bc3 Bf6 25. Bd3 g6 26. g3 Ra3 27.
Bb4 Ra4 28. Bc5 Kg7 29. Bc2 Ra6 30. Kg2 h6 31. Bd3 Rc6 32. Bd6 Rxd6 33. f3 Rxd4
34. Qe3 Bd7 35. Be4 b5 36. f4 g5 37. fxg5 hxg5 38. Kf3 b4 39. Qb3 39... g4+ {
pav resigns} 0-1

[Event "ICS rated blitz match"]
[Site "207.99.83.229"]
[Date "1999.07.14"]
[Round "?"]
[White "pav"]
[Black "Hossa"]
[Result "0-1"]
[WhiteElo "1960"]
[BlackElo "2400"]
[PlyCount "50"]
[EventDate "1999.??.??"]

1. Nf3 e6 2. b3 d5 3. Bb2 Nf6 4. d4 Bd7 5. e3 c5 6. dxc5 Bxc5 7. Bd3 Nc6 8. O-O
O-O 9. c4 Rc8 10. cxd5 exd5 11. a3 Qe7 12. Nc3 Bg4 13. h3 Bxf3 14. Qxf3 Ne5 15.
Qe2 Nxd3 16. Qxd3 Qe5 17. Na4 Qe4 18. Qxe4 Nxe4 19. f3 Bxe3+ 20. Kh1 Ng3+ 21.
Kh2 Nxf1+ 22. Rxf1 Rc2 23. Re1 Bd2 24. Rd1 b5 25. Bc3 25... Bf4+ {pav resigns}
0-1

[Event "ICS rated blitz match"]
[Site "207.99.83.229"]
[Date "1999.07.14"]
[Round "?"]
[White "Hossa"]
[Black "pav"]
[Result "1-0"]
[WhiteElo "2402"]
[BlackElo "1958"]
[PlyCount "65"]
[EventDate "1999.??.??"]

1. d4 Nf6 2. c4 g6 3. Nc3 Bg7 4. e4 d6 5. f3 O-O 6. Be3 Nc6 7. Nge2 e5 8. Nc1
exd4 9. Bxd4 Nxd4 10. Qxd4 Nxe4 11. Qxe4 Re8 12. Bd3 Rxe4+ 13. Bxe4 Bf5 14. O-O
Bxc3 15. bxc3 Qf6 16. Ne2 Re8 17. Rae1 Bd7 18. Bxb7 Rb8 19. Rb1 Re8 20. Rbe1
Rb8 21. Rb1 Qe5 22. Be4 Rxb1 23. Rxb1 f5 24. Bd5+ Be6 25. Kf2 Bxd5 26. cxd5
Qxd5 27. Rb8+ Kg7 28. Rb3 Qc5+ 29. Nd4 a5 30. Ke3 a4 31. Kd3 axb3 32. Ne6+ Kf6
33. Nxc5 {pav resigns} 1-0

[Event "ICS Rated blitz match"]
[Site "207.99.83.229"]
[Date "1999.07.14"]
[Round "?"]
[White "occam"]
[Black "Hossa"]
[Result "1-0"]
[WhiteElo "2315"]
[BlackElo "2404"]
[PlyCount "90"]
[EventDate "1999.??.??"]

1. e4 Nf6 2. e5 Nd5 3. c4 Nb4 4. d4 d6 5. Qa4+ N8c6 6. d5 Bf5 7. Na3 dxe5 8.
dxc6 Nxc6 9. Be3 e6 10. c5 Be7 11. Rd1 Qb8 12. Bb5 O-O 13. Ne2 Bf6 14. g4 Bg6
15. h4 Nd4 16. Bxd4 exd4 17. Nxd4 c6 18. Be2 Qf4 19. g5 Be5 20. Qc4 Be4 21. Rg1
Bd5 22. Qb4 Qxh4 23. Nxc6 Qxb4+ 24. Nxb4 Bxb2 25. Rg3 Rfd8 26. Nb5 Be4 27. Nd6
Bh1 28. Rb3 Be5 29. f3 Bg3+ 30. Kf1 b6 31. Nc6 Rd7 32. Kg1 bxc5 33. Ne4 Rxd1+
34. Bxd1 Bxf3 35. Bxf3 Bf4 36. Nxc5 Bxg5 37. Nb8 Be3+ 38. Kf1 Bxc5 39. Bxa8 h6
40. Rc3 Bd4 41. Rc8+ Kh7 42. Nc6 Bb6 43. Re8 Bc5 44. Ne5 f5 45. Rxe6 45... Be3
{Hossa resigns} 1-0

[Event "ICS rated blitz match"]
[Site "207.99.83.229"]
[Date "1999.07.14"]
[Round "?"]
[White "Hossa"]
[Black "occam"]
[Result "0-1"]
[WhiteElo "2384"]
[BlackElo "2335"]
[PlyCount "99"]
[EventDate "1999.??.??"]

1. d4 Nf6 2. c4 c5 3. d5 e6 4. Nc3 d6 5. e4 Qe7 6. Bd3 Nbd7 7. Nge2 Ne5 8. Bf4
Qc7 9. O-O a6 10. dxe6 fxe6 11. Bxe5 dxe5 12. Qd2 Be7 13. Rad1 O-O 14. Qe3 Bd7
15. Rd2 Rad8 16. Qh3 b5 17. a3 b4 18. axb4 cxb4 19. Nd1 Kh8 20. Ne3 Bc6 21.
Rfd1 Ba4 22. Bc2 Bxc2 23. Rxc2 Rxd1+ 24. Nxd1 Qd7 25. Rc1 Nxe4 26. Qh5 Qd2 27.
h3 Bg5 28. Ra1 Qe1+ 29. Kh2 h6 30. Ndc3 Qxa1 31. Nxe4 Bf6 32. b3 Qd1 33. Nf4
Qxh5 34. Nxh5 Be7 35. Nhg3 Rd8 36. Ne2 Rd3 37. c5 Rxb3 38. c6 Bd8 39. Nc1 Ra3
40. g3 Rf3 41. Kg2 b3 42. Ne2 Rd3 43. g4 b2 44. N2c3 Rd1 45. Nc5 Rc1 46. N5a4
g5 47. h4 gxh4 48. Kh3 Ba5 49. c7 Bxc7 50. Kxh4 {Hossa resigns} 0-1

[Event "ICS rated blitz match"]
[Site "207.99.83.229"]
[Date "1999.07.14"]
[Round "?"]
[White "zhora"]
[Black "Hossa"]
[Result "1/2-1/2"]
[WhiteElo "2058"]
[BlackElo "2366"]
[PlyCount "94"]
[EventDate "1999.??.??"]

1. Nc3 d5 2. d4 Nf6 3. e3 Nbd7 4. Nf3 e6 5. Be2 Bb4 6. O-O O-O 7. a3 Bd6 8. h3
c5 9. dxc5 Nxc5 10. b4 Nce4 11. Bb2 Nxc3 12. Bxc3 Ne4 13. Bd4 Qe7 14. Nd2 e5
15. Nxe4 dxe4 16. Bb2 Rd8 17. Qe1 a5 18. c3 axb4 19. axb4 Rxa1 20. Qxa1 Qg5 21.
Kh2 Bf5 22. Rd1 Be6 23. Qa5 Bb3 24. Rd2 Qe7 25. c4 Bc7 26. Rxd8+ Qxd8 27. Qb5
Qb8 28. c5 Bd5 29. Qa4 Qc8 30. b5 Qf8 31. Ba3 Qe7 32. c6 Qd8 33. Bc4 bxc6 34.
bxc6 Bxc4 35. Qxc4 Qf6 36. Qxe4 Qxf2 37. Bc5 h6 38. Kh1 Qf1+ 39. Kh2 Qf2 40.
Qd5 Qe1 41. Bd6 Bxd6 42. Qxd6 Qxe3 43. c7 Qf4+ 44. Kg1 Qc1+ 45. Kh2 Qf4+ 46.
Kg1 Qc1+ 47. Kh2 47... Qf4+ {Game drawn by repetition} 1/2-1/2

[Event "ICS rated blitz match"]
[Site "207.99.83.229"]
[Date "1999.07.14"]
[Round "?"]
[White "mkarp"]
[Black "Hossa"]
[Result "0-1"]
[WhiteElo "2182"]
[BlackElo "2355"]
[PlyCount "110"]
[EventDate "1999.??.??"]

1. e4 Nf6 2. e5 Nd5 3. d4 d6 4. Nf3 Bg4 5. h3 Bxf3 6. Qxf3 dxe5 7. Bc4 e6 8.
dxe5 Nc6 9. Bb5 Qd7 10. Bxc6 Qxc6 11. c3 Nb4 12. Qxc6+ Nxc6 13. f4 O-O-O 14.
Ke2 f6 15. exf6 gxf6 16. Be3 Rd7 17. Nd2 Rg8 18. Rhg1 Be7 19. Nf3 e5 20. fxe5
fxe5 21. g4 Rgd8 22. Rad1 Rxd1 23. Rxd1 Rxd1 24. Kxd1 Kd7 25. Ke2 Kd6 26. Ng5
Bxg5 27. Bxg5 Kd5 28. Be3 Ke4 29. h4 b5 30. h5 a5 31. g5 Kf5 32. g6 hxg6 33. h6
Nd8 34. h7 Nf7 35. Bh6 Kf6 36. Kf3 g5 37. Bf8 Kg6 38. Ke4 Kxh7 39. Kf5 a4 40.
Kf6 Kg8 41. Bc5 g4 42. Kf5 g3 43. Kg4 Nd6 44. Kf3 Nc4 45. b3 Nd2+ 46. Ke2 Ne4
47. Be3 Nxc3+ 48. Kf3 Nxa2 49. bxa4 bxa4 50. Kxg3 Kf7 51. Kf3 Ke6 52. Ke4 Nc3+
53. Kd3 Nb5 54. Kc4 a3 55. Kb3 55... Kd5 {mkarp resigns} 0-1

[Event "ICS rated blitz match"]
[Site "207.99.83.229"]
[Date "1999.07.14"]
[Round "?"]
[White "Hossa"]
[Black "TDChess"]
[Result "0-1"]
[WhiteElo "2372"]
[BlackElo "2580"]
[PlyCount "196"]
[EventDate "1999.??.??"]

1. d4 Nf6 2. c4 d6 3. Nc3 Bf5 4. Bg5 Nc6 5. Bxf6 gxf6 6. d5 Ne5 7. e4 Bd7 8.
Qb3 Qb8 9. f4 Ng4 10. h3 Ne3 11. Kd2 Nxf1+ 12. Rxf1 Rg8 13. g4 a6 14. Kc1 Qa7
15. Rf3 h5 16. Nge2 hxg4 17. hxg4 Rxg4 18. Rh7 f5 19. Qc2 fxe4 20. Nxe4 Rg8 21.
Ng5 Bg7 22. Qe4 Qb6 23. Rb3 Qa5 24. Rxb7 Qxa2 25. Qc2 O-O-O 26. Qb3 Qa1+ 27.
Kd2 Bb5 28. Nxf7 Rdf8 29. cxb5 Kxb7 30. Nh6 Qa5+ 31. Kd1 Bxh6 32. bxa6+ Kxa6
33. Rxh6 Rb8 34. Qa3 Rb5 35. Nc3 Rxb2 36. Qxb2 Rg1+ 37. Kd2 Rg2+ 38. Kc1 Rxb2
39. Kxb2 Qb4+ 40. Kc2 Qxf4 41. Re6 Qf7 42. Re4 Kb7 43. Kb3 c6 44. Rb4+ Kc8 45.
Rc4 c5 46. Re4 Qe8 47. Re6 Kd7 48. Kc4 Qc8 49. Re3 Qa6+ 50. Kb3 c4+ 51. Kc2 Qb6
52. Kd2 Qd4+ 53. Ke2 Qg4+ 54. Ke1 Qg1+ 55. Ke2 Qc1 56. Nd1 Qc2+ 57. Ke1 Qf5 58.
Nc3 Qg4 59. Kd2 Qg5 60. Ke2 Kd8 61. Kf2 Qf4+ 62. Ke2 Kd7 63. Kd2 Kc7 64. Ne2
Qg5 65. Nc3 Kc8 66. Ke2 Kd7 67. Kf2 Kc7 68. Ke2 Qg4+ 69. Kf2 Qh4+ 70. Ke2 Kb6
71. Na4+ Kb5 72. Nc3+ Kb4 73. Na2+ Kc5 74. Nc3 Kd4 75. Rf3 Qh6 76. Kf2 e5 77.
dxe6 Qxe6 78. Ne2+ Kc5 79. Nf4 Qe4 80. Ng2 d5 81. Re3 Qf5+ 82. Rf3 Qc2+ 83. Kg1
d4 84. Rf2 d3 85. Rf5+ Kb4 86. Rf1 Qb3 87. Ne3 Qb2 88. Ng2 Qd4+ 89. Kh2 d2 90.
Rb1+ Kc5 91. Rd1 c3 92. Rf1 d1=Q 93. Rxd1 Qxd1 94. Kg3 Qd2 95. Kh4 Qxg2 96. Kh5
c2 97. Kh4 c1=R 98. Kh5 98... Rh1# {Hossa checkmated} 0-1

[Event "ICS rated blitz match"]
[Site "207.99.83.229"]
[Date "1999.07.14"]
[Round "?"]
[White "Esen"]
[Black "Hossa"]
[Result "0-1"]
[WhiteElo "1936"]
[BlackElo "2365"]
[PlyCount "126"]
[EventDate "1999.??.??"]

1. e4 Nf6 2. Nc3 d5 3. exd5 g6 4. g3 Nxd5 5. Bg2 Nxc3 6. dxc3 Qxd1+ 7. Kxd1 Bg7
8. Be3 O-O 9. Ke2 Bg4+ 10. f3 Bf5 11. f4 Nc6 12. Bxc6 bxc6 13. Rc1 Rfb8 14. b3
Bxc3 15. Nf3 Rd8 16. Rhd1 Bb2 17. Rxd8+ Rxd8 18. Rd1 Rxd1 19. Kxd1 a6 20. Nd4
Be4 21. Kd2 h6 22. Ne2 Ba3 23. c3 Bb1 24. Nc1 Kf8 25. f5 Bxf5 26. Bxh6+ Ke8 27.
Bf4 Bxc1+ 28. Kxc1 Kd7 29. a3 f6 30. h4 e5 31. Be3 Ke6 32. Kd2 Bg4 33. b4 Kd5
34. Kd3 Bf5+ 35. Kd2 Be6 36. Kd3 Bh3 37. Kd2 Ke4 38. Bc5 Kf3 39. Be7 f5 40. Bf6
Kxg3 41. Bxe5+ Kxh4 42. Bxc7 Bf1 43. Ke3 g5 44. Kf2 Bc4 45. Bg3+ Kg4 46. Bc7
Bb3 47. Kg2 f4 48. Kf2 Kf5 49. Bd6 g4 50. Kg2 Bc2 51. Bc7 Ba4 52. Bd6 Bb3 53.
Bc7 Ke4 54. Bd6 Ke3 55. Bc5+ Ke2 56. Bd4 Bd5+ 57. Kg1 f3 58. Bf2 Kd2 59. Bd4 g3
60. Be5 f2+ 61. Kf1 Ke3 62. Bxg3 Bc4+ 63. Kg2 63... f1=Q+ {Esen resigns} 0-1

[Event "ICS rated blitz match"]
[Site "207.99.83.229"]
[Date "1999.07.14"]
[Round "?"]
[White "Hossa"]
[Black "Esen"]
[Result "1-0"]
[WhiteElo "2367"]
[BlackElo "1934"]
[PlyCount "27"]
[EventDate "1999.??.??"]

1. d4 d5 2. c4 c6 3. Nc3 Nf6 4. cxd5 cxd5 5. f3 Nc6 6. e4 dxe4 7. d5 Nb8 8.
fxe4 e6 9. Bg5 Be7 10. Bb5+ Bd7 11. d6 Bxb5 12. dxe7 Qxd1+ 13. Rxd1 Bc6 14.
Rd8+ {Esen resigns} 1-0

[Event "ICS Rated blitz match"]
[Site "207.99.83.229"]
[Date "1999.07.14"]
[Round "?"]
[White "Hossa"]
[Black "matar"]
[Result "1/2-1/2"]
[WhiteElo "2369"]
[BlackElo "2199"]
[PlyCount "81"]
[EventDate "1999.??.??"]

1. e4 c5 2. Nf3 e6 3. d4 cxd4 4. Nxd4 a6 5. Bd3 Qc7 6. O-O Nf6 7. Nc3 Nc6 8.
Nf3 Bb4 9. Qe1 O-O 10. e5 Bxc3 11. Qxc3 Nd5 12. Bxh7+ Kxh7 13. Ng5+ Kg6 14. Qg3
Qxe5 15. Nxe6+ Qxg3 16. Nxf8+ Kf6 17. fxg3+ Ke7 18. Nh7 f6 19. Rd1 Nc7 20. Bf4
Ne6 21. Rd5 Kf7 22. Bd6 b5 23. Rh5 Bb7 24. c3 Ne7 25. a4 g6 26. Rh3 Nf5 27. Bf4
g5 28. Rd1 Bc6 29. axb5 axb5 30. Bd2 Ra2 31. g4 Nh4 32. Bc1 Nxg2 33. Rf1 Ngf4
34. Bxf4 Nxf4 35. Re3 Rxb2 36. Rf2 Rb1+ 37. Rf1 Rb2 38. Rf2 Rb1+ 39. Rf1 Rb2
40. Rf2 Rb1+ 41. Rf1 {Game drawn by repetition} 1/2-1/2

[Event "ICS rated blitz match"]
[Site "207.99.83.229"]
[Date "1999.07.14"]
[Round "?"]
[White "LambChop710"]
[Black "Hossa"]
[Result "1-0"]
[WhiteElo "2382"]
[BlackElo "2362"]
[PlyCount "92"]
[EventDate "1999.??.??"]

1. e4 Nf6 2. e5 Nd5 3. d4 d6 4. Nf3 Bg4 5. Be2 dxe5 6. dxe5 Nc6 7. O-O Qd7 8.
c4 Nb6 9. c5 Nd5 10. Nc3 O-O-O 11. Qa4 Nxc3 12. bxc3 Bxf3 13. Bxf3 Nxe5 14.
Qxa7 Nxf3+ 15. gxf3 Qd3 16. Qa8+ Kd7 17. Qxb7 Qg6+ 18. Kh1 Ke8 19. Bf4 c6 20.
Rad1 Rxd1 21. Rxd1 f5 22. Qd7+ Kf7 23. Rd6 Qh5 24. Kg2 Kg8 25. Qe6+ Qf7 26.
Rxc6 Qxe6 27. Rxe6 Kf7 28. Rc6 Rg8 29. Be5 g6 30. a4 Bh6 31. a5 Bd2 32. a6 Rd8
33. a7 Ra8 34. Ra6 h6 35. f4 g5 36. Kg3 gxf4+ 37. Bxf4 Bxc3 38. Bxh6 Bd4 39.
Be3 Be5+ 40. f4 Bc3 41. c6 Ke8 42. Rb6 Rxa7 43. Rb8+ Kf7 44. Bxa7 Ba5 45. Rb5
Bd8 46. Bb8 46... Kf6 {Hossa resigns} 1-0

[Event "ICS rated blitz match"]
[Site "207.99.83.229"]
[Date "1999.07.14"]
[Round "?"]
[White "Hossa"]
[Black "matar"]
[Result "1-0"]
[WhiteElo "2347"]
[BlackElo "2226"]
[PlyCount "79"]
[EventDate "1999.??.??"]

1. d4 d5 2. c4 e6 3. Nc3 c6 4. Nf3 dxc4 5. e4 b5 6. Be2 Bb4 7. O-O Nf6 8. Bg5
h6 9. Bxf6 Qxf6 10. a4 a6 11. axb5 Bxc3 12. bxc3 cxb5 13. Qc2 Bb7 14. Ne5 Nc6
15. f4 Qe7 16. Nxc6 Bxc6 17. f5 exf5 18. exf5 O-O 19. f6 Qe4 20. Qxe4 Bxe4 21.
Rf4 Bc6 22. fxg7 Kxg7 23. Rg4+ Kh8 24. Rh4 Kg7 25. Rg4+ Kh7 26. Rf4 f5 27. Bh5
Be4 28. Rf2 Rg8 29. Re1 Rg5 30. Bf7 Rf8 31. Be6 Kg7 32. Ra1 Kf6 33. Rxa6 Ra8
34. Bxf5+ Rxa6 35. Bc8+ Ke7 36. Bxa6 h5 37. Re2 Rg4 38. Bb7 b4 39. Bxe4 bxc3
40. Bf3+ {matar resigns} 1-0

[Event "ICS rated blitz match"]
[Site "207.99.83.229"]
[Date "1999.07.14"]
[Round "?"]
[White "Beadle"]
[Black "Hossa"]
[Result "1-0"]
[WhiteElo "2524"]
[BlackElo "2358"]
[PlyCount "63"]
[EventDate "1999.??.??"]

1. e4 Nf6 2. e5 Nd5 3. c4 Nb4 4. d4 d6 5. Qa4+ N8c6 6. d5 Bf5 7. Na3 dxe5 8.
dxc6 Nxc6 9. Bg5 Qd4 10. Rd1 Qxb2 11. Nb5 Rc8 12. Bd3 Bxd3 13. Rxd3 Qb1+ 14.
Rd1 Qg6 15. Nxa7 Qxg5 16. Nxc8 f6 17. Kf1 Kf7 18. c5 Nd4 19. Qd7 Ne6 20. Ne2
Qg4 21. a3 Qc4 22. Rc1 Qa6 23. h4 Qxa3 24. c6 Qa4 25. h5 Qb5 26. Na7 Qa4 27.
Qd5 Qxa7 28. cxb7 Qb8 29. Nf4 Qxb7 30. Qxb7 Nxf4 31. Rxc7 Kg8 32. Rc8 {
Hossa resigns} 1-0